Enclavamientos : (Record no. 158782)

MARC details
000 -LEADER
campo de control de longitud fija 00624nam a22001575i 4500
001 - NÚMERO DE CONTROL
campo de control 158782
003 - IDENTIFICADOR DE NÚMERO DE CONTROL
campo de control ES-MaACL
005 - FECHA Y HORA DE LA ÚLTIMA TRANSACCIÓN
campo de control 20230906211320.0
008 - DATOS DE LONGITUD FIJA--INFORMACIÓN GENERAL
campo de control de longitud fija 040906s1885 sp |||| | spa d
100 1# - ENTRADA PRINCIPAL--NOMBRE DE PERSONA
Nombre de persona Maristany y Gibert, Eduardo.
9 (RLIN) 129510
245 10 - MENCIÓN DEL TÍTULO
Título Enclavamientos :
Resto del título las señales, agujas y otros aparatos de la vía /
Mención de responsabilidad, etc. por Eduardo Maristany y Gibert.
260 ## - PUBLICACIÓN, DISTRIBUCIÓN, ETC.
Lugar de publicación, distribución, etc. Madrid :
Nombre del editor, distribuidor, etc. [s.n.],
Fecha de publicación, distribución, etc. 1885 (
Fabricante Estab. Tip. de Gregorio Juste)
300 ## - DESCRIPCIÓN FÍSICA
Extensión 35 p., [2] h. pleg. ;
Dimensiones 25 cm.
650 ## - PUNTO DE ACCESO ADICIONAL DE MATERIA--TÉRMINO DE MATERIA
Término de materia o nombre geográfico como elemento de entrada Señales ferroviarias.
9 (RLIN) 173716
852 ## - LOCALIZACIÓN
Ubicación ES-MaACL
Número de control de estantería T-441-F-2
Nota libre - Enc. hol, falto de cub. original
-- - Enc. en un vol. facticio
Holdings
Estatus retirado Estado de pérdida Estado de daño No para préstamo Colección Biblioteca de origen Biblioteca actual Ubicación en estantería Fecha de adquisición Total de préstamos Signatura topográfica completa Código de barras Visto por última vez Precio de reemplazo Tipo de ítem Koha
        Colección de folletos Biblioteca del Ateneo de Madrid Biblioteca del Ateneo de Madrid Depósito folletos 17/01/2008   T-441-F-2 1166194 23/02/2023 23/02/2023 Folleto